अगले अँधेरे तक / (Record no. 117336)

MARC details
000 -LEADER
fixed length control field 01154nam a22002777a 4500
003 - CONTROL NUMBER IDENTIFIER
control field dpl
005 - DATE AND TIME OF LATEST TRANSACTION
control field 20180910123611.0
008 - FIXED-LENGTH DATA ELEMENTS--GENERAL INFORMATION
fixed length control field 180910b xxu||||| |||| 00| 0 eng d
010 ## - LIBRARY OF CONGRESS CONTROL NUMBER
LC control number B-142082
020 ## - INTERNATIONAL STANDARD BOOK NUMBER
Terms of availability 125 .00
International Standard Book Number 812631124
035 ## - SYSTEM CONTROL NUMBER
System control number B-142082, B-142086
037 ## - SOURCE OF ACQUISITION
Source of stock number/acquisition Cen Lib/Ret
040 ## - CATALOGING SOURCE
Original cataloging agency DPL
Language of cataloging HN
Transcribing agency 0
082 ## - DEWEY DECIMAL CLASSIFICATION NUMBER
Classification number
Item number भाटिया
100 ## - MAIN ENTRY--PERSONAL NAME
Personal name भाटिया, जितेन्द्र
9 (RLIN) 71428
245 ## - TITLE STATEMENT
Title अगले अँधेरे तक /
Statement of responsibility, etc जितेन्द् भाटिया
246 ## - VARYING FORM OF TITLE
Title proper/short title Agle andhere tak
Remainder of title by Jitendra Bhatiya
260 ## - PUBLICATION, DISTRIBUTION, ETC. (IMPRINT)
Place of publication, distribution, etc नई दिल्ली
Name of publisher, distributor, etc भारतीय ज्ञानपीठ प्रकाशन
Date of publication, distribution, etc 2005
270 ## - ADDRESS
Address 18 , इंडस्ट्रियल एरिया लोधी रोड
City नई दिल्ली
Postal code 110003
300 ## - PHYSICAL DESCRIPTION
Extent 168पृष्ठ.
Dimensions 21सेमी(सजिल्द)
650 ## - SUBJECT ADDED ENTRY--TOPICAL TERM
Topical term or geographic name as entry element हिंदी साहित्य
9 (RLIN) 71429
650 ## - SUBJECT ADDED ENTRY--TOPICAL TERM
Topical term or geographic name as entry element हिंदी कहानी
9 (RLIN) 71430
650 ## - SUBJECT ADDED ENTRY--TOPICAL TERM
Topical term or geographic name as entry element Hindi literature
9 (RLIN) 71431
650 ## - SUBJECT ADDED ENTRY--TOPICAL TERM
Topical term or geographic name as entry element Hindi story
9 (RLIN) 43117
942 ## - ADDED ENTRY ELEMENTS (KOHA)
Source of classification or shelving scheme Dewey Decimal Classification
Koha item type Hindi Books
Classification part
Call number suffix भाटिया
Holdings
Withdrawn status Lost status Damaged status Not for loan Home library Current library Date acquired Source of acquisition Cost, normal purchase price Total Checkouts Full call number Barcode Date last seen Date checked out Copy number Cost, replacement price Price effective from Koha item type Source of classification or shelving scheme Collection code Shelving location Total Renewals
        Central Library Central Library 27/08/2015 Cen Lib /Ret 125.00 1 क भाटिया B-142082 03/02/2025 21/01/2025 1 125.00 27/08/2015 Hindi Books        
        Patel Nagar Patel Nagar 05/12/2018 BPPD/PUB 125.00 2 क भाटिया B-142083 28/03/2026 11/03/2026   125.00 05/12/2018 Hindi Books Dewey Decimal Classification Fiction General Stacks 1
        Shahdara Branch Shahdara Branch 10/09/2018 BPPD/PUB 125.00   क भाटिया B-142086 10/09/2018     125.00 10/09/2018 Hindi Books Dewey Decimal Classification Fiction    

© Delhi Public Library
Hit Counter
free hit counter